header

Closing a failed bank (Record no. 90437)

MARC details
000 -LEADER
fixed length control field 01245nam a2200325 a 4500
100 1# - MAIN ENTRY--AUTHOR NAME
Personal name Parker, David C.
245 10 - TITLE STATEMENT
Title Closing a failed bank
260 ## - PUBLICATION, DISTRIBUTION, ETC. (IMPRINT)
Place of publication Washington, D.C. :
Name of publisher International Monetary Fund,
Year of publication c2011.
300 ## - PHYSICAL DESCRIPTION
Number of Pages x, 226 p.
650 #0 - SUBJECT ADDED ENTRY--TOPICAL TERM
Topical Term Bank failures.
Topical Term Liquidation.
856 40 - ELECTRONIC LOCATION AND ACCESS
Uniform Resource Identifier http://site.ebrary.com/lib/rucke/Doc?id=10557171

No items available.

© 2026 Rongo University
Contact us: librarian | system librarian | Rongo university